Normal view
MARC view
Entry Personal Name
001 - CONTROL NUMBER
- control field: 2236
003 - CONTROL NUMBER IDENTIFIER
- control field: ARRUPE
005 - DATE AND TIME OF LATEST TRANSACTION
- control field: 20131007175413.0
008 - FIXED-LENGTH DATA ELEMENTS
- fixed length control field: 131007|| aca||aabn | a|a d
040 ## - CATALOGING SOURCE
- Original cataloging agency: ARRUPE
- Transcribing agency: ARRUPE
100 ## - HEADING--PERSONAL NAME
- Personal name: Kapleau, Philip,
- Dates associated with a name: 1912-2004.
670 ## - SOURCE DATA FOUND
- Source citation: Work cat.: (ARRUPE)0: The three pillars of Zen: teaching, practice, and enlightenment., [1966, c1965]